000 00629nam a22002297a 4500
003 UA-OsUOA
001 64209
007 ta
008 20091103b un ||||| |||| 00| 0 ukr d
100 _aГригорьева И.
090 _a930.2(4+73)
_bГ83
942 _cBK
040 _aUA-OsUOA
_brus
_cUA-OsUOA
_dUA-OsUOA
245 _aИсточниковедение новой и новейшей истории стран Европы и Америки
300 _a335 с.
955 _a2
041 _arus
080 _a930.2(4+73)
260 _aМ.
_bВысшая школа
_c1984
650 7 _2UDC
999 _c350247
_d350247